Online katalóg knižníc regiónu Turca

Zázračná víla Filipy Fišerovej (Record no. 20821)

MARC details
000 -LEADER
fixed length control field 01512nam a2200469 a 4500
001 - CONTROL NUMBER
control field 20821
003 - CONTROL NUMBER IDENTIFIER
control field VRT
005 - DATE AND TIME OF LATEST TRANSACTION
control field 20260204164111.0
008 - FIXED-LENGTH DATA ELEMENTS--GENERAL INFORMATION
fixed length control field 090812s2009 xo a j 000 f slo d
020 ## - INTERNATIONAL STANDARD BOOK NUMBER
International Standard Book Number 9788080857769 (viaz.)
035 ## - SYSTEM CONTROL NUMBER
System control number (VRT)vtls009528698
039 #9 - LEVEL OF BIBLIOGRAPHIC CONTROL AND CODING DETAIL [OBSOLETE]
Level of rules in bibliographic description 200911111204
Level of effort used to assign nonsubject heading access points muro
Level of effort used to assign subject headings 200910061526
Level of effort used to assign classification argo
Level of effort used to assign subject headings 200908121059
Level of effort used to assign classification edita
040 ## - CATALOGING SOURCE
Original cataloging agency PPPK
Language of cataloging slo
Transcribing agency UKB
Description conventions AACR2
041 1# - LANGUAGE CODE
Language code of text/sound track or separate title slo
Language code of original eng
044 ## - COUNTRY OF PUBLISHING/PRODUCING ENTITY CODE
MARC country code xo
ISO country code SK
072 #7 - SUBJECT CATEGORY CODE
Subject category code 821.111
Subject category code subdivision Anglická literatúra, anglicky písaná
Source konspekt
072 #7 - SUBJECT CATEGORY CODE
Subject category code 821-93
Subject category code subdivision Literatúra pre deti a mládež
Source konspekt
080 ## - UNIVERSAL DECIMAL CLASSIFICATION NUMBER
Universal Decimal Classification number 821.111-31
Edition identifier 2004
080 ## - UNIVERSAL DECIMAL CLASSIFICATION NUMBER
Universal Decimal Classification number 821-93
Edition identifier 2004
080 ## - UNIVERSAL DECIMAL CLASSIFICATION NUMBER
Universal Decimal Classification number (0:82-31)
Edition identifier 2004
100 1# - MAIN ENTRY--PERSONAL NAME
Personal name Kessler, Liz
240 10 - UNIFORM TITLE
Uniform title Philippa Fisher‘s fairy godsister.
Language of a work Slovensky
245 10 - TITLE STATEMENT
Title Zázračná víla Filipy Fišerovej
Statement of responsibility, etc. [Liz Kessler] ; ilustrovala Katie May ; [z anglického originálu preložila Barbora Škovierová]
260 ## - PUBLICATION, DISTRIBUTION, ETC.
Place of publication, distribution, etc. [Bratislava]
Name of publisher, distributor, etc. Slovart
Date of publication, distribution, etc. c2009
300 ## - PHYSICAL DESCRIPTION
Extent 254 s.
Other physical details il.
653 ## - INDEX TERM--UNCONTROLLED
Uncontrolled term 821.111-31
653 ## - INDEX TERM--UNCONTROLLED
Uncontrolled term (0:82-31)
655 #7 - INDEX TERM--GENRE/FORM
Genre/form data or focus term anglické romány
Source of term UKBPH
655 #7 - INDEX TERM--GENRE/FORM
Genre/form data or focus term publikácie pre mládež
Source of term UKBPH
700 1# - ADDED ENTRY--PERSONAL NAME
Personal name Škovierová, Barbora,
Dates associated with a name 1977-
Relationship trl
700 1# - ADDED ENTRY--PERSONAL NAME
Personal name May, Katie
Relationship ill
910 ## - USER-OPTION DATA (OCLC)
User-option data pppk
910 ## - USER-OPTION DATA (OCLC)
User-option data sllk
910 ## - USER-OPTION DATA (OCLC)
User-option data skpk
910 ## - USER-OPTION DATA (OCLC)
User-option data bjkdg
910 ## - USER-OPTION DATA (OCLC)
User-option data pokpoh
910 ## - USER-OPTION DATA (OCLC)
User-option data ukb
942 ## - ADDED ENTRY ELEMENTS (KOHA)
Source of classification or shelving scheme Dewey Decimal Classification
Koha item type Krásna literatúra pre deti
Suppress in OPAC No
949 ## - LOCAL PROCESSING INFORMATION (OCLC)
6 1800422966
a SL.D.73017
b PV.7997-2009
949 ## - LOCAL PROCESSING INFORMATION (OCLC)
6 1800422967
a SK.D.41442
b PV.7998-2009
s 6707:20090812
Holdings
Stav vyradenia Strata Poškodenie Spôsob nadobudnutia Domovská knižnica Aktuálna knižnica Dátum nadobudnutia Total checkouts Čiarový kód exemplára Date last seen Typ exemplára
      Dar Obecná knižnica Belá-Dulice Obecná knižnica Belá-Dulice 04.02.2026   4735903368 04.02.2026 Krásna literatúra pre deti
Projekt je podporený Slovenskou asociáciou knižníc
Prevádzkuje Turčianska knižnica Martin 2026